000 00451nam a2200193Ia 4500
003 OSt
005 20260123120722.0
008 250729s2003 xx 000 0 und d
040 _cAL
041 _aeng
082 _a020.2 GOKS
100 _aGovt of Karnataka
_9227895
245 _aSocial science 8th std
260 _aBangalore
_c2003
300 _a212p
650 _aHistory
_9227896
700 _aGoo Digumurthi
_9227897
942 _2ddc
_cBED
999 _c237812
_d237812